=LDR 00000nam 2200000 4500 =001 INLIS000000000000347 =005 20150310091727.0 =006 =007 =008 Indo =035 ##$$0010-061300000000347 =041 ##$$a Indo =082 ##$$a 910.07 =090 ##$$a 910.07 Sur i =100 ##$$a Surasimi =245 ##$$a IPS geografi sesuai dengan kurikulum 1994 untuk kelas 1 dan 2SLTP / Surasimi =260 ##$$a Yogyakarta $b Kendang Sari $c 1994 =300 ##$$a ...jild. : ilus. ; 21cm =650 ##$$a Geografi =650 ##$$a Studi dan pengajaran =850 ##$$a NBPNMAT